000 00311nam a2200133 i 4500
001 bg
100 1 _aKRZYŻANOWSKI, J.
245 0 _aDzieje literatury polskiej /
_cJ. Krzyżanowski.
260 _aWarszawa,
_c1970.
040 _cBPK
041 _apol
942 _cKS
008 s pl f |000 0 pol
999 _c8757
_d8757
856 _uhttp://koha.tu.koszalin.pl/cgi-bin/koha/opac-detail.pl?biblionumber=8757
_yKatalog online BPK